Language Quiz

Random Language or Spanish Quiz

Spanish Verbs Quiz Stats

 Plays Quiz not verified by Sporcle

Challenge
Share
Tweet
Embed
Score 0/8 Timer 02:00
0 Plays Today
English Word Spanish Word % Correct
eatcomer
97%
drinkbeber
96.7%
dancebailar
94.8%
havetener
94.4%
singcantar
91.4%
swimnadar
89.8%
runcorrer
88.6%
walkandar
82.3%

You're not logged in!

Compare scores with friends on all Sporcle quizzes.
Join for Free
OR
Log In

You Might Also Like...

Show Comments

Extras

Created Sep 27, 2009ReportNominate
Tags:Spanish Quiz, English, verb

Top Quizzes Today


Score Distribution

Your Account Isn't Verified!

In order to create a playlist on Sporcle, you need to verify the email address you used during registration. Go to your Sporcle Settings to finish the process.

Report this User

Report this user for behavior that violates our Community Guidelines.

Details: